Comentarios a la legislación concursal (Record no. 148855)

MARC details
000 -LEADER
fixed length control field 00609nam a22001937a 4500
005 - DATE AND TIME OF LATEST TRANSACTION
control field 20220805081937.0
008 - FIXED-LENGTH DATA ELEMENTS--GENERAL INFORMATION
fixed length control field 190605b sp ||||| |||| 00| 0 spa d
020 ## - INTERNATIONAL STANDARD BOOK NUMBER
International Standard Book Number 8497721063
050 04 - LIBRARY OF CONGRESS CALL NUMBER
Classification number KKT1942.A312003
Item number C66 2004
245 00 - TITLE STATEMENT
Title Comentarios a la legislación concursal
Statement of responsibility, etc / Alberto Palomar Olmeda ... [et al].
250 ## - EDITION STATEMENT
Edition statement 1a ed.
260 ## - PUBLICATION, DISTRIBUTION, ETC. (IMPRINT)
Place of publication, distribution, etc Madrid, España :
Name of publisher, distributor, etc Dykinson,
Date of publication, distribution, etc c2004
300 ## - PHYSICAL DESCRIPTION
Extent 1589 p. ;
Dimensions 25 cm.
504 ## - BIBLIOGRAPHY, ETC. NOTE
Bibliography, etc Bibliografía : p. 1459-1479
504 ## - BIBLIOGRAPHY, ETC. NOTE
Bibliography, etc Incluye índice
650 #7 - SUBJECT ADDED ENTRY--TOPICAL TERM
Source of heading or term lemb
Topical term or geographic name as entry element Quiebra
Geographic subdivision España
700 1# - ADDED ENTRY--PERSONAL NAME
Personal name Palomar Olmeda, Alberto,
Relator term coordinador
942 ## - ADDED ENTRY ELEMENTS (KOHA)
Source of classification or shelving scheme Biblioteca del Cogreso de los Estados Unidos
Koha item type Libro
Holdings
Estado de pérdida Fuente de clasificación Estado del daño No para préstamo Ubicación permanente Ubicación actual Apartado o colección Fecha de adquisición Fuente de adquisición Edición Dependencia de educación superior (DES) Área del conocimiento Clasificación Código de Barras Date last seen Número de copia Costo por reposición Tipo de recurso
  Biblioteca del Cogreso de los Estados Unidos     Biblioteca de la Facultad de Derecho y Ciencias Sociales "Felipe J. Tena" Biblioteca de la Facultad de Derecho y Ciencias Sociales "Felipe J. Tena" General 05/06/2019 Unidad Académica 1a ed. Derecho Ciencias Sociales y Administrativas KKT1942.A312003 C66 2004 BFD000011362 05/06/2019 C:1 1.00 Libro